00437nam a22001577a 4500008004100000010001300041020004300054035001300097037000900110040001700119082001200136245005900148260003300207300002000240700001900260090120t xxu||||| |||| 00| 0 eng d aG-001303 c£17.00 (Rs. 1346.40) a97819044994367 aG-001303 bGift adplbEnglish a031.02  aGuinness world records 2009 /cedited by Craig Glenday bGuinness World Recordsc2009 a287pc29cm.(Hb) aGlenday, Craig